| 000 | 00508nam a2200169Ia 4500 | ||
|---|---|---|---|
| 999 |
_c19753 _d19753 |
||
| 003 | OSt | ||
| 005 | 20200706151752.0 | ||
| 008 | 190216s9999||||xx |||||||||||||| ||und|| | ||
| 040 | _coclc | ||
| 082 |
_a954.8025 _bHER/S |
||
| 100 |
_aHeras, Heary _93578 |
||
| 245 | 0 |
_aSouth India Under The Vijayanagara Empire / _cHeary Heras |
|
| 260 |
_bCosmo Publications, _c1980. _aNew Delhi: |
||
| 300 | _a680p | ||
| 650 | _aHistory Of Malaya | ||
| 942 |
_cBK _2ddc _h954.802 _iHER/S _k954.802 _mHER/S |
||